000 00222nam a22000857a 4500
008 161213b xxu||||| |||| 00| 0 eng d
100 _92031
_aDolphin Book
245 _aPicture Dictionary
260 _aNew Delhi
_bDolphin Book
_c2014
999 _c4907
_d4907